A TEXTBOOK OF COSMETIC SCIENCE FOR B. PHARMA AS PER PCI SYLLABUS (Record no. 8911)

MARC details
000 -LEADER
fixed length control field 00491nam a22001697a 4500
005 - DATE AND TIME OF LATEST TRANSACTION
control field 20251126174432.0
008 - FIXED-LENGTH DATA ELEMENTS--GENERAL INFORMATION
fixed length control field 251117b |||||||| |||| 00| 0 eng d
020 ## - INTERNATIONAL STANDARD BOOK NUMBER
ISBN 978-81-960679-3-9
041 ## - LANGUAGE CODE
Language code of text/sound track or separate title eng
082 ## - DEWEY DECIMAL CLASSIFICATION NUMBER
Classification number 668.5 VIJ-T
100 ## - MAIN ENTRY--AUTHOR NAME
Personal name VIJENDRA, DR. RAVI KUMAR AND BIJAPURI, SHRISVASTAVA
245 ## - TITLE STATEMENT
Title A TEXTBOOK OF COSMETIC SCIENCE FOR B. PHARMA AS PER PCI SYLLABUS
260 ## - PUBLICATION, DISTRIBUTION, ETC. (IMPRINT)
Place of publication HYDERABAD
Name of publisher TAURAS PUBLISHERS
Year of publication 2023
300 ## - PHYSICAL DESCRIPTION
Number of Pages 180;P
650 ## - SUBJECT ADDED ENTRY--TOPICAL TERM
Topical Term PHARMACY
942 ## - ADDED ENTRY ELEMENTS (KOHA)
Koha item type Books
Holdings
Lost status Damaged status Collection code Home library Current library Shelving location Date acquired Source of acquisition Cost, normal purchase price Full call number Accession Number Koha item type
    PHARMACY JRU Library JRU Library SHELF-3-E 14/11/2025 PURCHASE 299.00 668.5 29019 Books